| 000 | 00351nam a22001337a 4500 | ||
|---|---|---|---|
| 003 | OSt | ||
| 008 | 250215b |||||||| |||| 00| 0 eng d | ||
| 041 | _aeng | ||
| 100 |
_aShukla, SK _97154 |
||
| 245 | _aWater Resources Planning and Development | ||
| 260 |
_aNew Delhi: _bCommonwealth Publishers, _c1992. |
||
| 700 |
_aSrivastava, PR _97157 |
||
| 942 | _cBK | ||
| 999 |
_c19385 _d19385 |
||